Najpopularniejsze filmy na Youtube - Statystyki

Ogólne statystyki
  • Ten quiz został rozwiązany 63 razy
  • Średni wynik to 2 z 5
Statystyki odpowiedzi
ilość wyświetleń Film % Poprawnych
7 886 157 476 Despacito
98%
5 751 475 748 Shape of You
29%
5 552 146 505 See You Again
27%
10 868 153 687 Baby Shark Dance
20%
6 382 081 480 Johny Johny Yes Papa
16%
Nie znaleziono quizów pasujących do podanych kryteriów
Rozkład punktacji
Procent ludzi z każdym wynikiem
Percentyl według liczby udzielonych odpowiedzi
Twoja historia wyników
Nie rozwiązałeś tego quizu